| 000 | 00725nam a22002055i 4500 | ||
|---|---|---|---|
| 001 | 177606 | ||
| 003 | ES-MaACL | ||
| 005 | 20230906220354.0 | ||
| 008 | 110405s1970 sp |||| | spa d | ||
| 080 | _a347.51(460) | ||
| 100 | 1 |
_aSantos Briz, Jaime. _9103492 |
|
| 245 | 1 | 3 |
_aLa responsabilidad civil _b: derecho sustantivo y derecho procesal / _cpor Jaime Santos Briz. |
| 260 |
_aMadrid : _bMontecorvo, _c1970. |
||
| 300 |
_a814 p. ; _c25 cm. |
||
| 490 | 1 |
_aMonografías. Colección de estudios jurídicos ; _v27 |
|
| 650 | 0 | 4 |
_aResponsabilidad civil- _zEspaña. _916867 |
| 830 | 0 |
_aMonografías. Colección de estudios jurídicos ; _v27 _9190484 |
|
| 852 |
_aES-MaACL _jE-14810 _xOlim P-860-bis |
||
| 999 |
_c177606 _d177606 |
||